Every Houseguest that Played in Multiple Seasons of Big Brother - Statistics

General Stats
  • This quiz has been taken 5 times
  • The average score is 29 of 46
Answer Stats
Season Answer % Correct
14 Dan Gheesling
80%
7, 22, RG Danielle Reyes
80%
7 George Boswell
80%
7 Howie Gordon
80%
18 James Huling
80%
7 James Rhine
80%
7, 14, 22 Janelle Pierzina
80%
13 Jeff Schroeder
80%
7, 14 Mike "Boogie" Malin
80%
7 Will Kirby
80%
7 Alison Irwin
60%
13 Brendon Villegas
60%
14, 22, RG Britney Haynes
60%
22 Christmas Abbott
60%
22, RG Cody Calafiore
60%
13, 22 Daniele Briones
60%
22 David Alexander
60%
18 Da'vonne Rogers
60%
22 Da'vonne Rogers
60%
7 Diane Henry
60%
13 Dick Donato
60%
7 Erika Landin
60%
18 Frank Eudy
60%
RG Frankie Grande
60%
22 Ian Terry
60%
OTT Jason Roy
60%
11 Jessie Godderz
60%
13 Jordan Lloyd
60%
RG Josh Martinez
60%
7, 22 Kaysar Ridha
60%
22 Keesha Smith
60%
22 Kevin Campbell
60%
22 Memphis Garrett
60%
7 Nakomis Dedmon
60%
22 Nicole Anthony
60%
18, 22, RG Nicole Franzel
60%
19 Paul Abrahamian
60%
13, 27 Rachel Reilly
60%
RG Taylor Hale
60%
22 Tyler Crispen
60%
RG Xavier Prather
60%
22 Bayleigh Dayton
40%
RG Cameron Hardin
40%
22 Enzo Palumbo
40%
7 Jase Wirey
40%
7 Marcellas Reynolds
40%
No matching quizzes found
Score Distribution
Percent of People with Each Score
Percentile by Number Answered
Your Score History
You have not taken this quiz